000
00294nam a22001337a 4500
008
170208b xxu||||| |||| 00| 0 eng d
020
_a
9781850704911
041
_a
eng
080
_a
61
100
_a
3
101
_a
SHM
245
_a
FEMALE REPRODUCTIVE HEALTH
_c
MANASSIEV, N
942
_2
udc
_c
BK
999
_c
4863
_d
4863